Pro efektívní výsledky výroby brambor

Bibliographic Details
Main Author: Rejlek, František (Author)
Format: Article
Language:Czech
Subjects:

MARC

LEADER 00000nab a2200000 a 4500
001 vtls000138332
003 SK-MaSNL
005 20260303025639.0
008 160201c1982 xo 0 cze
015 |a SNBRB19rr/mm-uuuuu 
035 |a CL0148438 
040 |a SNKBUCL  |b slo  |c SNKBUCL  |e AACR2 
041 0 |a cze 
044 |a xo  |c SK 
080 |a 633.4  |2 1981 
080 |a 631.1  |2 1981 
100 1 |a Rejlek, František  |4 aut  |9 1010259 
245 1 0 |a Pro efektívní výsledky výroby brambor  |c František Rejlek 
650 0 7 |a zemiaky  |2 snkbucl  |9 2709 
655 7 |a články z novín a časopisov  |2 snkbucl  |9 267496 
773 0 |t Ekonomika poľnohospodárstva  |g Roč. 21, č. 12 (1982), s. 549-550 
850 |a Slovenská národná knižnica v Martine  |a MTA001 
852 |a SNK  |b KIS3GCP 
958 |a RK 
958 |a CZ 
992 |a RBX 
999 |c 1647513  |d 1649443